| 000 | 00971nam a2200253Ia 4500 | ||
|---|---|---|---|
| 003 | GCL | ||
| 008 | 140319s9999 xx 000 0 ara d | ||
| 040 |
_aGCL / _cGCL |
||
| 082 | 0 | 4 |
_a327.0973 _bك د |
| 100 | 1 | _aكوربت، مايكل | |
| 245 | 1 | 0 |
_aالدين والسياسة فى الولايات المتحدة / _cكوربت، مايكل |
| 250 | _aالاولى | ||
| 260 |
_aالقاهرة : _bمكتبة الشروق ، _c2001 |
||
| 300 |
_a246 ص ؛ _c24 سم |
||
| 650 | 0 | 4 | _aالاسلام |
| 650 | 0 | 4 | _aالارهاب |
| 650 | 0 | 4 | _aالولايات المتحدة الامريكية |
| 650 | 0 | 4 | _aالحرب العالمية الاولى 1914- 1918 |
| 650 | 0 | 4 | _aالحرب العالمية الثانية 1939 - 1945 |
| 650 | 0 | 4 | _aالمسيحية |
| 650 | 0 | 4 | _aالولايات المتحدة الامريكية - الاحوال السياسية |
| 650 | 0 | 4 | _aالولايات المتحدة الامريكية - تاريخ |
| 942 |
_2ddc _cBK |
||
| 999 |
_c5554 _d5554 |
||